[Event "33rd ECCC Open 2017"]
[Site "Antalya"]
[Date "2017.10.13"]
[Round "3"]
[White "Makolli, Perparim"]
[Black "Valeanu, Eduard-Andrei"]
[Result "0-1"]
[WhiteElo "2333"]
[BlackElo "2423"]
[Annotator "TA"]
[PlyCount "148"]
[EventType "team-tourn"]
[EventCountry "TUR"]
[WhiteTeam "Hasan Pristina"]
[BlackTeam "Adare"]

{[%evp 11,148,42,59,-15,-17,-20,0,-3,0,0,5,13,2,-15,-17,-62,-47,-78,-43,-34,-20,-37,0,0,0,0,0,-31,-28,-41,-18,-27,-15,-19,0,0,0,0,0,0,-4,-3,0,0,0,0,0,0,0,0,-2,-2,-2,-3,0,-25,-6,-29,-31,-26,0,0,15,8,15,15,15,15,15,15,15,15,15,15,15,0,15,0,0,-2,-17,-24,-24,-33,-33,-329,-325,-315,-308,-29964,-29966,-29962,-29967,-29965,-29968,-29969,-29969,-29966,-29969,-29972,-29968,-29967,-29969,-29963,-29964,-29973,-29972,-29973,-29964,-29975,-29976,-29976,-29974,-29974,-29975,-29976,-29976,-29980,-29981,-29980,-29976,-29977,-29976,-29977,-29976,-29976,-29977,-29978,-29978,-29979,-29980,-29980,-29981,-29981,-29982,-29982,-29982,-29982,-29982]} 1. e4 c5 2. Nf3 g6 3. c3 d5 4. exd5 Qxd5 5. d4 Bg7 6. Na3 {[%cal Bb1a3,Ba3b5,Bb5c3][%mdl 32]} cxd4 {LiveBook: 254 Partien} 7. cxd4 {B06: Moderne Verteidigung} (7. Bc4 $14 Qe4+ 8. Kf1) (7. Nb5 Na6 8. Nbxd4 Nf6 9. Bb5+ Bd7 10. Bxd7+ Nxd7 11. O-O O-O 12. Qe2 e5 13. Nb5 e4 14. Ng5 Ndc5 {0-1 (41) Dubov,D (2661)-Svidler,P (2727) Berlin 2015}) 7... Nf6 $11 8. Bc4 Qe4+ 9. Be3 $146 {[#] zielt auf Sb5 ab.Die Stellung ist ausgeglichen.} ({Vorgänger:} 9. Qe2 O-O 10. Qxe4 Nxe4 11. Nb5 Nc6 12. Be3 Nd6 13. Nxd6 exd6 14. h3 {0-1 (27) Margarido,R-Figueiredo,P (2043) Vila Nova de Gaia 2004}) 9... O-O 10. Nb5 {Droht stark Sc7.} Na6 11. O-O Bg4 12. Be2 Nd5 13. Bd3 Qe6 14. Re1 Qd7 15. Nc3 Nac7 16. h3 Bf5 17. Bxf5 Qxf5 18. Qb3 b6 19. Nxd5 Qxd5 20. Qa3 e6 21. Rac1 Nb5 22. Qa6 Nxd4 23. Nxd4 Bxd4 24. Red1 e5 25. Bxd4 exd4 26. Rc4 Rfd8 27. Rcxd4 Qxd4 28. Rxd4 Rxd4 {[%mdl 4096] Endspiel KD-KTT} 29. Qb7 Rdd8 30. a4 Rdb8 31. Qa6 Re8 32. Qb7 h5 33. h4 Re1+ 34. Kh2 Rae8 35. Qxa7 R8e4 36. g3 Re6 37. Qa8+ Kg7 38. Qd5 Kh7 39. Qf3 Kg7 40. Qc3+ Kg8 41. Kg2 R1e5 42. Qc8+ Kh7 43. Qd7 Rf5 44. Qd4 b5 45. a5 b4 $1 46. Qa7 {Und weiter mit Db7 wäre nett.} Re2 47. g4 hxg4 48. a6 $2 {[%mdl 8192]} ({Lieber} 48. b3 $15) 48... Rxb2 $19 49. Qb7 Rbxf2+ 50. Kg1 $2 {[#]} (50. Kg3 $19 R5f3+ 51. Kxg4) 50... b3 $1 {Schwarz setzt Matt.} 51. a7 (51. Qxb3 Rf1+) 51... b2 52. a8=Q Rf1+ 53. Kg2 b1=Q 54. Qxb1 Rxb1 {KD-KTT} 55. Qa3 Rb8 56. Qc3 Re8 57. Qc4 Re6 58. Qxg4 Ref6 59. Qe4 Rf4 60. Qe7 Kh6 61. Qe5 Rf2+ 62. Kg1 R2f5 63. Qe8 Kh5 64. Kg2 Rf2+ 65. Kg1 R2f4 66. Kg2 Rg4+ 67. Kh3 Rxh4+ 68. Kg3 Rg4+ 69. Kh3 Rf3+ 70. Kh2 Rgf4 71. Qe2 Kh4 72. Qe1+ Rf2+ 73. Kg1 Kh3 74. Qc3+ R2f3 {Precision: Weiß = 45%, Schwarz = 69%.} 0-1

[Event "33rd ECCC Open 2017"]
[Site "Antalya"]
[Date "2017.10.12"]
[Round "3"]
[White "Gantner, Matthias"]
[Black "Bokros, Albert"]
[Result "1-0"]
[WhiteElo "2324"]
[BlackElo "2482"]
[Annotator "TA"]
[PlyCount "101"]
[EventType "team-tourn"]
[EventCountry "TUR"]
[WhiteTeam "White Rose"]
[BlackTeam "Dunajska Streda"]

{[%evp 9,101,39,44,48,45,27,49,29,34,14,0,10,31,45,74,87,77,65,118,81,118,50,99,-18,-5,-2,143,87,386,337,386,385,375,387,383,374,381,361,379,373,391,372,425,439,433,444,616,440,432,258,357,350,340,254,337,332,545,544,511,508,474,443,555,553,866,745,702,336,525,512,479,336,2312,1207,2180,514,502,460,1147,408,12840,12841,12844,12844,12845,12845,12845,12846,12846,12846,12847,12847,12847,12847]} 1. e4 c5 2. Nf3 b6 3. d4 cxd4 4. Nxd4 Bb7 5. Nc3 a6 6. Bg5 {B27: Sicilian: 2 Nf3, unusual Black 2nd moves} (6. Bd3 e6 7. f4 Qc7 8. Qf3 Ne7 9. Bd2 Nbc6 10. Nb3 d5 11. a3 dxe4 12. Nxe4 Nf5 13. Bc3 Be7 14. g4 {½-½ (31) Inarkiev,E (2732)-Hou,Y (2658) Petropavlovsk Kamchatsky 2016}) 6... Qc7 7. Qd2 e6 8. h4 $146 {White is slightly better.} (8. f3 {keeps more tension.} Nf6 9. O-O-O Be7 10. Bf4 d6 11. g4) ({Predecessor:} 8. O-O-O Bb4 9. f3 Nf6 10. Kb1 Bxc3 11. bxc3 Nc6 12. Nxc6 Bxc6 13. Qd4 e5 {1-0 (23) Pruijssers,R (2415)-Van der Weide,K (2462) Netherlands 2009}) 8... Nf6 9. Bxf6 gxf6 10. O-O-O h5 {White must now prevent ...Bh6.} 11. Kb1 d6 12. f4 b5 13. a3 Nd7 (13... Nc6 $14) 14. Be2 Rc8 15. g4 (15. Bf3 $16) 15... Nc5 $14 16. Rh3 (16. Qe3 $16) 16... hxg4 $11 17. Bxg4 Qb6 (17... Nxe4 $11 18. Qe2 f5 19. Nxf5 d5 20. Nxe4 dxe4) 18. Qe2 $16 Bh6 $2 {[%mdl 8192] [#]} (18... Rc7 $16 {was necessary.}) 19. Nd5 $1 $18 {[%cal Rd5b6][%mdl 512]} exd5 20. Bxc8 Bxc8 21. exd5+ Kd8 22. Nc6+ Kc7 23. Qe7+ Bd7 24. Qxf6 Re8 25. Rhh1 Bf8 26. Qxf7 Ne4 27. Rhe1 Bh6 {Black hopes to continue with ...Qf2.} 28. Rxe4 Rxe4 29. Qh7 $40 {[%mdl 128] White goes for the king.} (29. Qf6 $142 Bxc6 30. dxc6 Qxc6 31. Qxh6) 29... Rxf4 {Hoping for ...Bf8.} 30. Qxh6 Qf2 31. Qh8 {[%csl Gc6][%cal Rh8b8]} Bxc6 32. dxc6 {[%mdl 4096] Endgame KQR-KQR} Rc4 $2 (32... Qe2 {was called for.} 33. Rc1 b4 34. axb4 Qe5) 33. Qh7+ Kxc6 34. h5 Qe2 35. Rc1 Rh4 36. Qa7 Rxh5 37. Qxa6+ Kc7 38. a4 (38. Rg1 $142 {White threatens Rg7+ and mate.} Rg5 39. Qa7+ (39. Rxg5 Qf1+ 40. Ka2 Qc4+ 41. b3 Qxc2+ 42. Ka1 Qc1+ 43. Ka2 Qd2+ 44. Kb1 Qxg5 $11) 39... Kc6 40. Qa8+ (40. Rxg5 Qf1+ 41. Ka2 Qc4+ 42. Kb1 Qf1+ 43. Ka2 Qc4+ 44. b3 Qxc2+ 45. Ka1 Qc1+ 46. Ka2 Qc2+ 47. Ka1 Qc1+ 48. Ka2 Qc2+ $11) 40... Kc7 41. Rh1 (41. Rxg5 Qf1+ 42. Ka2 Qc4+ 43. Ka1 Qf1+ 44. Ka2 Qc4+ 45. Ka1 Qf1+ 46. Ka2 $11)) 38... Rf5 (38... Rc5 $142 39. b3 Kd7 40. Qb7+ Rc7 41. Qxb5+ Qxb5 42. axb5 d5) 39. b3 Rc5 40. Qa7+ Kc6 $2 (40... Kc8 41. Qa8+ Kd7) 41. a5 b4 42. Qb6+ (42. a6 $142 {[%csl Ga6][%cal Ra7b7]} Ra5 43. Qb7+ Kc5 44. a7) 42... Kd7 43. Qb7+ Kd8 (43... Rc7 $142 44. Qxb4 Rc5 45. Qb7+ Rc7) 44. Qxb4 (44. a6 $142) 44... Qa6 (44... Kc8 $142 45. Qb6 Kd7) 45. Rg1 {White is clearly winning.} Rxa5 46. Qb8+ Kd7 47. Rg7+ Ke6 48. Qe8+ Kd5 49. Rg5+ Kd4 50. Rg4+ Kd5 51. Qe4+ {Precision: White = 63%, Black = 28%.} 1-0

[Event "33rd ECCC Open 2017"]
[Site "Antalya"]
[Date "2017.10.13"]
[Round "3"]
[White "Longson, Alexander"]
[Black "Lagarde, Maxime"]
[Result "0-1"]
[WhiteElo "2317"]
[BlackElo "2594"]
[Annotator "TA"]
[PlyCount "116"]
[EventType "team-tourn"]
[EventCountry "TUR"]
[WhiteTeam "3CS Oldham"]
[BlackTeam "Nice Alekhine"]

{[%evp 22,115,47,48,66,29,35,31,28,32,43,27,34,20,35,33,31,30,32,0,0,0,0,0,36,-22,0,0,14,23,31,28,48,29,123,123,126,126,124,127,214,218,229,224,297,297,270,162,158,145,163,42,211,158,169,160,164,168,218,151,155,155,156,156,157,138,184,159,191,170,172,171,227,152,153,-89,-89,-88,-83,-85,-79,-99,-79,-112,-99,-176,-176,-29990,-29991,-29992,-29993,-29993,-29994,-29994,-29995,-29999]} 1. e4 c5 2. Nf3 b6 3. d4 cxd4 4. Nxd4 Bb7 5. Bd3 e6 6. O-O a6 7. c4 d6 8. Nc3 Nd7 9. b3 Ngf6 10. Qe2 Be7 11. Bb2 O-O 12. f4 {LiveBook: 13 Games. B42: Sicilian: Kan Variation: 5 Bd3} (12. Rad1 Qc7 13. Kh1 Rfe8 14. f4 Bf8 15. Nf3 Rad8 16. Bb1 g6 17. Ng5 Bg7 18. Nh3 Nc5 19. Nf2 Qb8 20. b4 {0-1 (62) Ter Sahakyan,S (2575)-Yu,Y (2662) Kocaeli 2013}) 12... g6 13. Nf3 Nh5 $146 ({Predecessor:} 13... Qc7 14. Rae1 Rfe8 15. Ng5 Nh5 16. Kh1 Nxf4 17. Nxf7 Kxf7 18. Rxf4+ {½-½ (60) Wehmeier,S (2459)-Karger,F (2255) Germany 2010}) 14. g3 {White is slightly better.} Bf6 15. Rac1 Bg7 16. Rfd1 Qc7 17. Bb1 Rad8 18. Ba3 Nc5 19. b4 Nd7 20. b5 Nc5 21. bxa6 Bxa6 22. Nb5 Qb8 23. Rd2 ({White should play} 23. Bxc5 $14 bxc5 24. Bc2) 23... d5 24. cxd5 exd5 25. e5 (25. Rxd5 Rxd5 26. exd5 Nxf4 $1 $17 {[%mdl 512]}) 25... Rfe8 26. Nfd4 $36 {[%cal Bf3d4,Bd4c6,Bc6e5][%mdl 2080] Strongly threatening Nc6. White has some pressure.} Rc8 27. Qd1 {And now Nd6 would win.} f6 (27... Bf8 $1 $11 {remains equal.}) 28. Nd6 $16 fxe5 29. Nxe8 Rxe8 30. Nc6 Qa8 (30... Qc7 $16 31. Nxe5 Bxe5) 31. Nxe5 $18 Nf6 32. Bb2 Bb7 33. Bd4 Qa3 34. Rc3 Qa5 35. Re3 Ne6 36. Rb2 (36. h3 $18) 36... b5 $2 ({Better is} 36... Nxd4 $14 37. Qxd4 Ng4) 37. a3 Nxd4 38. Qxd4 Ng4 39. Ree2 Qxa3 40. Ba2 (40. Rxb5 $2 Bxe5 41. Rxe5 Nxe5 $17) 40... Nxe5 41. fxe5 (41. Bxd5+ Kh8 $19) 41... Kh8 42. Qb6 Bc8 43. Qxb5 Rd8 44. Qb6 ({Stronger than} 44. Bxd5 Ba6 $11) 44... Qe7 {If Black can now play ...d4 this consolidates a bit.} 45. Rbd2 Be6 46. Re1 Bg8 (46... Qe8 {might work better.} 47. Red1 Bh6) 47. Qa5 {[%cal Ra2d5]} Bxe5 {[#]} 48. Rxe5 $2 ({Inferior is} 48. Bxd5 Qg5 $11) (48. Kg2 $1 $16 {keeps the pressure on.} Rf8 49. Ree2 (49. Bxd5 Qf6 $16)) 48... Qxe5 $17 49. Rf2 Rc8 {( -> ...Rc1+)} 50. Qd2 Re8 51. Rf4 Kg7 52. Kf2 Rb8 53. Rd4 (53. Rb4 $17) 53... Be6 $19 54. Qc3 $2 (54. h4 $19) 54... Rf8+ {Black mates.} 55. Kg1 Bh3 {[%csl Gh3][%cal Rf8f1]} 56. Bc4 dxc4 {[%csl Gh3][%cal Rf8f1]} 57. Rd7+ Kg8 {[%csl Gh3][%cal Rf8f1]} 58. Qxe5 Rf1# {Precision: White = 41%, Black = 55%.} 0-1

[Event "33rd ECCC Open 2017"]
[Site "Antalya"]
[Date "2017.10.12"]
[Round "3"]
[White "Nikac, Predrag"]
[Black "Mihajlov, Sebastian"]
[Result "1/2-1/2"]
[WhiteElo "2305"]
[BlackElo "2393"]
[Annotator "TA"]
[PlyCount "91"]
[EventType "team-tourn"]
[EventCountry "TUR"]
[WhiteTeam "Elektroprivreda"]
[BlackTeam "Oslo"]

{[%evp 28,91,-18,-22,14,-11,-25,-25,-15,-38,-23,-47,0,-21,-17,-8,-20,-33,-35,-57,-18,-42,-44,-74,45,55,43,43,48,46,47,39,58,44,66,39,45,14,18,0,43,0,-12,0,18,-18,0,-29,-20,-18,-29,-155,13,8,10,10,10,0,0,0,0,0,0,0,0,0]} 1. e4 e5 2. Nf3 Nc6 3. Bc4 Bc5 4. O-O d6 5. c3 Nf6 6. Re1 O-O 7. Bb3 a6 8. h3 Ba7 9. d3 h6 10. Nbd2 Nh5 11. Nf1 Qf6 12. Ne3 Nf4 13. Nd5 {C54: Giuoco Piano: 4 c3 Nf6, main lines with 5 d4 and 5 d3} Nxd5 14. exd5 Ne7 15. d4 {LiveBook: 13 Games} Ng6 16. dxe5 $146 ({Predecessor:} 16. Be3 e4 17. Nh2 Bd7 18. Bc4 Rae8 19. Be2 Qd8 20. Qd2 f5 {0-1 (61) Karpenko,A (2176)-Kovalev,V (2545) Voronezh 2015}) 16... Nxe5 17. Nd4 Bd7 18. Be3 Rae8 19. Nc2 Bb8 20. f4 Ng6 21. Qd4 Qh4 22. Qd2 Re4 {[%cal Rg6f4]} 23. Qf2 Qf6 {[%cal Rg6f4]} 24. Nd4 Rfe8 25. f5 {[#]} Nf8 (25... Nh4 $1 $17) 26. Bc2 $36 {[%mdl 2048] White has good play.} R4e7 27. Nf3 c5 28. dxc6 bxc6 29. Bd4 Rxe1+ 30. Rxe1 Rxe1+ 31. Nxe1 Qd8 32. b4 (32. Qg3 {with more complications.} f6 33. Qd3 a5 34. Nf3 d5 35. Bf2) 32... Nh7 33. Bd3 Bc8 34. Nf3 (34. Qe3 $14) 34... c5 $11 35. Be3 Qf6 36. Qc2 Qe7 37. Bf4 Ba7 {And now ...c4+ would win.} 38. Kh2 Nf6 39. Qa4 {[#]} (39. Qe2 $11 {remains equal.} Qxe2 40. Bxe2) 39... Nd5 $2 ({Black should play} 39... Bb7 $1 $17 {[%cal Rb7f3]} 40. Qd1 Nh5) 40. Qc6 {The position is equal.} Nxf4 41. Qxc8+ Qf8 42. Bxa6 Qxc8 43. Bxc8 Nd5 44. bxc5 Bxc5 45. c4 Nc3 46. a3 {Precision: White = 29%, Black = 47%.} 1/2-1/2

[Event "33rd ECCC Open 2017"]
[Site "Antalya"]
[Date "2017.10.11"]
[Round "3"]
[White "Milovic, Jovan"]
[Black "Hammer, Jon Ludvig"]
[Result "0-1"]
[WhiteElo "2301"]
[BlackElo "2632"]
[Annotator "TA"]
[PlyCount "63"]
[EventType "team-tourn"]
[EventCountry "TUR"]
[WhiteTeam "Elektroprivreda"]
[BlackTeam "Oslo"]

{[%evp 12,63,11,0,-8,-154,-151,-145,-138,-153,-153,-139,-141,-148,-160,-155,-155,-158,-64,-72,0,-155,-160,-160,-150,-183,-170,-219,-229,-229,-220,-210,-191,-270,-207,-202,-200,-192,-172,-200,-187,-390,-383,-371,-381,-352,-342,-484,-484,-494,-500,-673,-658,-644]} 1. d4 d5 2. Nc3 Nf6 3. Bf4 e6 4. e3 a6 5. g4 c5 6. g5 {D00: 1 d4 d5: Unusual lines} Nfd7 7. Bg2 {LiveBook: 3 Games} (7. Nf3 Nc6 8. a3 b5 9. h4 Bb7 10. h5 Nb6 11. Ne5 Nxe5 12. Bxe5 {1-0 (26) Carlsen,M (2832)-Caruana,F (2808) Stavanger 2017}) 7... Nc6 $146 (7... Nb6 {is interesting.} 8. h4 cxd4 9. exd4 Nc6 10. Nce2 Nc4) ({Predecessor:} 7... cxd4 8. exd4 Nc6 9. Nf3 Nb6 10. O-O Bd6 11. Ne2 O-O 12. Bg3 {½-½ (43) Hauge,L (2450)-Rozentalis,E (2540) Fagernes 2017}) 8. Bxd5 (8. Nf3 $11 {remains equal.}) 8... cxd4 $1 $17 ({But not} 8... exd5 $6 9. Nxd5 Qa5+ 10. b4 $1 $15 {[%mdl 512]}) 9. Bxc6 dxc3 10. Bxd7+ Bxd7 11. bxc3 Qa5 12. Qd4 Bc6 {[%mdl 1024] Black has strong compensation.} 13. f3 Rd8 14. Qe5 Rd5 (14... Qxe5 $17 15. Bxe5 Rd5) 15. Qb8+ $15 Rd8 ({Black should play} 15... Ke7 16. Ne2 Rd8) 16. Qe5 $17 Qxe5 17. Bxe5 Rd5 $36 {[%mdl 2048] White is under strong pressure.} 18. Bf4 {[#]} Rc5 $1 19. Kd2 e5 20. Bg3 Be7 21. h4 O-O {Strongly threatening ...Rd8+.} 22. Rh2 (22. Be1 {was called for.}) 22... f6 23. gxf6 gxf6 {...Rd8+ is the strong threat.} 24. Be1 Kf7 {And now ...Rg8 would win.} 25. Ke2 Rb5 26. Kd1 $2 (26. Kf1) 26... Rg8 $19 27. Bf2 Rd8+ 28. Ke1 Rb2 29. Bg3 (29. Rc1 {might work better.}) 29... Rg8 {Black is clearly winning.} 30. Rg2 f5 31. Kf1 Bb5+ 32. Ne2 {Precision: White = 42%, Black = 69%.} 0-1

[Event "33rd ECCC Open 2017"]
[Site "Antalya"]
[Date "2017.10.11"]
[Round "3"]
[White "Kvisvik, Brede"]
[Black "Andreikin, Dmitry"]
[Result "0-1"]
[WhiteElo "2296"]
[BlackElo "2705"]
[Annotator "TA"]
[PlyCount "72"]
[EventType "team-tourn"]
[EventCountry "TUR"]
[SourceTitle "playchess.com"]
[Source "ChessBase"]
[SourceQuality "1"]
[WhiteTeam "Valerenga"]
[BlackTeam "Alkaloid"]

{[%evp 9,72,-27,-31,-29,19,0,31,12,9,11,0,-18,7,-110,-116,-110,-118,-122,-112,-121,-78,-115,-107,-111,-71,-96,-77,-85,-70,-162,-150,-143,-142,-260,-116,-136,-133,-159,-139,-218,-202,-235,-237,-329,-311,-329,-314,-302,-291,-339,-346,-436,-289,-288,-289,-529,-514,-900,-861,-937,-935,-1441,-1507,-1367,-1345]} 1. d4 Nf6 2. c4 d6 3. g3 e5 {[%cal Be7e5,Be5e4][%mdl 32]} 4. Nf3 e4 5. Ng5 h6 6. Nh3 {A53: Old Indian Defence without Nf3} g5 7. Bg2 Bf5 (7... Bg7 8. O-O O-O 9. f3 Nc6 10. Nf2 exf3 11. exf3 d5 {0-1 (32) Hedman,E (2376)-Bernadskiy,V (2562) Abu Dhabi 2017}) 8. f3 {White is slightly better.} exf3 $146 ({Predecessor:} 8... Bg7 9. Nf2 Qe7 10. fxe4 Nxe4 11. O-O Nxf2 12. Rxf2 {0-1 (28) Lezzerini,M (2086)-Huemmer,B (2169) Arco 2015}) 9. exf3 Qd7 10. Nf2 Qe6+ 11. Qe2 (11. Ne4 $1 $11 {was the only way to keep the balance.}) 11... Nc6 $36 {[%mdl 2048] Black is in control.} 12. Qxe6+ fxe6 ({Worse is} 12... Bxe6 13. d5 $16) 13. Be3 d5 14. c5 Bg7 15. Na3 Nd7 16. Rd1 b6 17. Nb5 Kd8 {Strongly threatening ...bxc5.} 18. cxb6 axb6 19. a3 ({White should try} 19. Rc1 $15 Ra5 20. a4 Rxb5 21. axb5 Nxd4 22. Rd1 Nc2+ 23. Ke2) 19... Na5 $1 $19 20. Bf1 c6 21. g4 (21. Nd6 $17 Kc7 22. Nxf5 exf5 23. Rd3) 21... cxb5 (21... Bc2 $19 22. Rc1 Bb3) 22. gxf5 $17 exf5 {[%cal Be6f5,Bf5f4][%mdl 32] And now ...Re8 would win.} 23. Rd3 {[#]} b4 $1 {[%mdl 512] aiming for ...f4.} 24. Nd1 (24. h4 $17) (24. axb4 Nc4) 24... Re8 $19 {Hoping for ...f4.} 25. Kf2 bxa3 26. bxa3 {[#]} f4 $1 27. Bd2 Nc6 28. Kg2 Bxd4 29. Bc3 Bxc3 ({Don't do} 29... Rxa3 30. Bxd4 Rxd3 {[#]} 31. Bxb6+ $1 {[%mdl 512]} Nxb6 32. Bxd3) 30. Nxc3 Nce5 31. Rxd5 Rxa3 32. Ne4 $2 (32. Nb1 {was forced.} Rxf3 33. Bb5) 32... Nxf3 {Black is clearly winning.} 33. Rxd7+ (33. Nd2 $142 Nh4+ 34. Kf2) 33... Kxd7 34. Bb5+ Ke7 {...Nh4+ is the strong threat.} 35. Bxe8 Nh4+ 36. Kf2 Ra2+ {Precision: White = 39%, Black = 54%.} 0-1

[Event "33rd ECCC Open 2017"]
[Site "Antalya"]
[Date "2017.10.11"]
[Round "3"]
[White "Naoum, Spyridon"]
[Black "Sanal, Vahap"]
[Result "0-1"]
[WhiteElo "2295"]
[BlackElo "2549"]
[Annotator "TA"]
[PlyCount "108"]
[EventType "team-tourn"]
[EventCountry "TUR"]
[WhiteTeam "Chania"]
[BlackTeam "Besiktas"]

{[%evp 19,108,-20,-18,-52,-37,-111,-107,-83,-49,-57,-50,-63,-63,-58,-52,-85,-76,-107,-102,-117,-93,-91,-87,-116,-110,-108,-101,-214,-80,-79,-46,-68,0,-88,-70,-101,-101,-101,-100,-102,-83,-167,-53,-55,-37,-50,-55,-91,-95,-109,-116,-110,-105,-112,-110,-119,-102,-101,-65,-239,-236,-239,-233,-227,-220,-238,-197,-231,-227,-229,-227,-257,-226,-412,-412,-404,-397,-383,-385,-691,-680,-775,-761,-675,-644,-854,-844,-29963,-29966,-29962,-29956]} 1. d4 Nf6 2. c4 e6 3. Nc3 Bb4 4. g3 c5 5. Nf3 Nc6 {[%cal Bb8c6,Bc6e5,Be5c4][%mdl 32]} 6. Bg2 Ne4 7. Qd3 cxd4 8. Nxd4 Nxc3 9. bxc3 Ne5 {E20: Nimzoindisch (Seltene Züge)} 10. Qc2 Be7 {LiveBook: 26 Partien} 11. Rb1 Nxc4 {Schwarz steht etwas besser.} 12. Bxb7 (12. Qb3 $15 Qc7 13. O-O) 12... Bxb7 $17 13. Rxb7 Qc8 14. Rb3 O-O 15. O-O {[#]} d5 $146 ({Vorgänger:} 15... Qa6 16. e4 Rac8 17. Qe2 {0-1 (39) Parker,J (2310)-Suba,M (2540) Dublin 1991}) 16. e4 Rd8 17. Re1 Bf6 18. Rb4 a5 19. Rb1 Qa6 20. Nb5 Rac8 21. exd5 Rxd5 22. a4 h5 23. Bf4 (23. Be3 $17) 23... e5 (23... g5 $1 $19 {[%cal Rg5f4] und Schwarz behält klar die Oberhand.} 24. Be3 Ne5) 24. Be3 g6 25. Qe4 Qe6 ({Lieber} 25... Qa8 $15) 26. h4 (26. Na7 $1 $11 {hält das Gleichgewicht.} Rc7 27. Nb5) 26... Be7 27. Rbd1 Rcd8 28. Rxd5 Qxd5 29. Bg5 Bxg5 30. hxg5 (30. Qxd5 $17 Rxd5 31. hxg5) 30... Kf8 ({Besser ist} 30... Qc5 $19 {Weiss muss nun ...Sd2 beachten.} 31. Qf3 Nd2) 31. Kg2 Qxe4+ (31... Qc5 {seems wilder.} 32. Qe2 Kg8 33. Rd1 Qc6+ 34. Kh2 Re8) 32. Rxe4 $15 {[%mdl 4096] Endspiel KTS-KTS} Rc8 33. Re1 Rc5 34. f4 Nb6 35. Nd6 Nxa4 36. Ne4 Rc8 37. Nd6 Rc6 ({Bitte nicht} 37... Rxc3 $6 38. Rxe5 Rc2+ 39. Kf3 $11) 38. fxe5 Nxc3 {zielt auf ...a4 ab.} 39. Rc1 $2 {[#]} (39. Rf1 $1 $15) 39... Rc7 $1 $19 40. Ne4 Nd5 ({Schlechter ist} 40... Nxe4 41. Rxc7 Nxg5 42. Ra7 $16) 41. Ra1 {[#]} Ra7 $1 42. Nc5 Nc7 43. Ra4 Ne6 44. Nb3 Nxg5 45. Nxa5 Ra6 46. g4 $2 (46. Kf2 {war nötig.}) 46... h4 47. Kf2 Ke7 48. Ke3 Ke6 49. Kf4 $2 (49. Ra3) 49... Nh3+ 50. Kf3 g5 51. Ra3 Nf4 52. Ke4 Ng6 53. Nc4 Rxa3 54. Nxa3 Nxe5 {Precision: Weiß = 40%, Schwarz = 78%.} 0-1

[Event "33rd ECCC Open 2017"]
[Site "Antalya"]
[Date "2017.10.11"]
[Round "3"]
[White "Bjornsson, Sigurbjorn"]
[Black "Roiz, Michael"]
[Result "0-1"]
[WhiteElo "2277"]
[BlackElo "2604"]
[Annotator "TA"]
[PlyCount "68"]
[EventType "team-tourn"]
[EventCountry "TUR"]
[WhiteTeam "Fjolnir"]
[BlackTeam "Beer Sheva"]

{[%evp 11,68,9,22,2,32,0,3,5,0,0,0,0,0,6,0,0,0,0,0,0,0,0,-1,-8,-4,-13,-4,-24,-15,-31,-27,-31,-17,-22,-15,-44,-14,-16,0,-66,-73,-70,-70,-64,-74,-73,-73,-96,-99,-195,-166,-318,-320,-427,-417,-463,-454,-518,-518]} 1. e4 e5 2. Nf3 Nc6 3. Nc3 Nf6 4. Bb5 Bd6 5. O-O (5. d3 h6 6. a3 a6 7. Bc4 Bc5 8. b4 Ba7 9. h3 d6 10. Ne2 Be6 11. Bxe6 fxe6 12. Ng3 O-O 13. c3 Qe8 14. O-O Nh5 15. Nxh5 Qxh5 {½-½ (24) Svidler,P (2741)-Yu,Y (2750) Shenzhen 2017}) 5... O-O 6. d3 {C48: Four Knights: 4 Bb5, replies other than 4...Bb4} h6 {LiveBook: 110 Games} 7. a4 Re8 8. Re1 {White is slightly better.} Bb4 $146 ({Predecessor:} 8... Bc5 9. h3 d6 10. Nd5 a6 11. Bc4 Nxd5 12. Bxd5 Ne7 13. Ba2 {0-1 (36) Mohammad,J (2150)-Abdulla,A (2417) Dhaka 2004}) 9. Bd2 a6 10. Bc4 d6 11. Nd5 Bxd2 12. Qxd2 Be6 13. c3 Bxd5 14. Bxd5 Nxd5 15. exd5 Nb8 {[%cal Bc6b8,Bb8d7,Bd7f6][%mdl 32]} 16. Qc2 f5 17. a5 Nd7 18. b4 Qf6 19. Re3 Re7 20. Rae1 Rae8 21. c4 Qf7 22. Nd2 Nf6 23. f3 g5 24. Nf1 Qh7 25. d4 ({Better is} 25. R3e2 $11) 25... f4 $15 26. Qxh7+ Kxh7 27. R3e2 e4 28. fxe4 Rxe4 29. Rxe4 Rxe4 $17 {KRN-KRN} 30. Rd1 (30. Rxe4 $17 Nxe4 31. g4) 30... Re2 31. Rd2 $2 {[#]} (31. Nd2 {was called for.}) 31... Re1 $19 32. Kf2 Rc1 33. Re2 Rxc4 34. Re6 Nxd5 {Precision: White = 35%, Black = 59%.} 0-1